Normal view
MARC view
- Holdren, John P.,
Entry Personal Name
001 - CONTROL NUMBER
- control field: 3631
003 - CONTROL NUMBER IDENTIFIER
- control field: NUST
005 - DATE AND TIME OF LATEST TRANSACTION
- control field: 20170728101500.0
008 - FIXED-LENGTH DATA ELEMENTS
- fixed length control field: 170728|| aca||aabn | a|a d
040 ## - CATALOGING SOURCE
- Original cataloging agency: NUST
- Transcribing agency: NUST
100 ## - HEADING--PERSONAL NAME
- Personal name: Holdren, John P.,
- Relator term: joint author.
670 ## - SOURCE DATA FOUND
- Source citation: Work cat.: (NUST)3590: Ehrlich, Paul R. 3627, Population, resources, environment /, c1977.
